Efektívne riadenie pohľadávok – rozhodovanie o poskytnutí obchodného úveru
Rozhodovanie o poskytnutí obchodného úveru. Najdôležitejšie faktory pri rozhodovaní o poskytnutí obchodného úveru - časová hodnota peňazí, riziko a súčasná hodnota zisku. Rozhodovanie na základe vplyvu časovej hodnoty a rizika. Rozhodovanie na základe súčasnej hodnoty zisku. Stanovenie obchodných a...
Enregistré dans:
| Auteur principal: | |
|---|---|
| Autres auteurs: | |
| Format: | Chapitre de livre |
| Langue: | slovaque |
| Sujets: | |
| Tags: |
Pas de tags, Soyez le premier à ajouter un tag!
|
MARC
| LEADER | 00000naa a2200000 4500 | ||
|---|---|---|---|
| 001 | 0123868 | ||
| 005 | 20231103072450.2 | ||
| 041 | 0 | |a slo | |
| 044 | |a SK | ||
| 245 | 1 | 0 | |a Efektívne riadenie pohľadávok – rozhodovanie o poskytnutí obchodného úveru |c Tomáš Klieštik, Juraj Cúg |
| 520 | |a Rozhodovanie o poskytnutí obchodného úveru. Najdôležitejšie faktory pri rozhodovaní o poskytnutí obchodného úveru - časová hodnota peňazí, riziko a súčasná hodnota zisku. Rozhodovanie na základe vplyvu časovej hodnoty a rizika. Rozhodovanie na základe súčasnej hodnoty zisku. Stanovenie obchodných a platobných pomienok. Diskontná politika podniku. Prirážková politika. Praktické príklady. | ||
| 610 | 2 | 0 | |a úver |
| 610 | 2 | 0 | |a peniaze |
| 610 | 2 | 0 | |a financie |
| 610 | 2 | 0 | |a pohľadávky |
| 610 | 2 | 0 | |a riziko |
| 610 | 2 | 0 | |a podmienky platobné |
| 610 | 2 | 0 | |a podmienky obchodné |
| 610 | 2 | 0 | |a hodnota |
| 610 | 2 | 0 | |a zisk |
| 610 | 2 | 0 | |a prirážky obchodné |
| 610 | 2 | 0 | |a efektívnosť |
| 100 | 1 | |a Klieštik, Tomáš | |
| 700 | 1 | |a Cúg, Juraj | |